00266nam a22000977a 4500008004100000082002000041245004400061260004400105300001300149440000600162230703b xxu||||| |||| 00| 0 eng d a342.2bGRE 1975 aGovernmental Institutions and Processes bAddison-Wesley Publishing Companyc1975 aXIV,459p v5